MARC

LEADER 00000nam0a2200000 4500
001 279563
005 20231101235224.0
020 |a RU  |b 86-47701 
035 |a (RuTPU)RU\TPU\book\302856 
090 |a 279563 
100 |a 20141220d1986 km y0rusy5003 ca 
101 0 |a rus 
102 |a RU 
105 |a a g 001zy 
200 1 |a Справочник по монтажу вторичных устройств, кабелей и электроосвещения на электростанциях и подстанциях  |f Н. Г. Этус  |g под ред. Н. А. Иванова , Н. Г. Этуса 
205 |a 3-е изд., перераб. и доп. 
210 |a Москва  |c Энергоатомиздат  |d 1986 
215 |a 279 с.  |c ил.  |d 21 см 
320 |a Библиогр.: с. 276 (6 назв.) 
606 1 |a Электрические станции  |2 stltpush  |3 (RuTPU)RU\TPU\subj\27616  |9 51341 
606 1 |a Электрические подстанции  |x Освещение  |2 stltpush  |3 (RuTPU)RU\TPU\subj\27300  |9 51081 
610 1 |a электромонтажные работы 
610 1 |a справочники 
610 1 |a вторичные устройства 
610 1 |a вторичные цепи 
610 1 |a силовые кабели 
610 1 |a контрольные кабели 
610 1 |a оконцевание 
610 1 |a соединения 
610 1 |a маслонаполненные кабели 
610 1 |a электрическое освещение 
610 1 |a осветительные сети 
610 1 |a справочники 
675 |a 621.311.2(035)  |z rus  |v 4 
675 |a 621.311.4(035)  |z rus  |v 4 
700 1 |a Этус  |b Н.Г.  |g Натан Григорьевич  |4 070 
702 1 |a Иванов  |b Н. А.  |4 340 
702 1 |a Этус  |b Н. Г.  |g Натан Григорьевич  |4 340 
801 0 |a RU  |b RuMRKP  |c 19950704  |g psbo 
801 1 |a RU  |b 63413507  |c 20141220 
801 2 |a RU  |b 63413507  |c 20170418  |g RCR 
942 |c BK